Contexts of Architecture : Proceedings of the 38th annual Conference of the Architectural Science Association ANZAScA and the International Building Performance Simulation Association - Australasia Conference/Launceston,Australia,10.-12.11.2004
Saved in:
| Format: | Book |
|---|---|
| Language: | English |
| Published: |
Launceston :
School of Architecture,University of Tasmania,
2004
|
| Tags: |
No Tags, Be the first to tag this record!
|
MARC
| LEADER | 00000nam a22000003a 4500 | ||
|---|---|---|---|
| 001 | stu91758 | ||
| 005 | 20150408175201.3 | ||
| 008 | 041124s2004----at------------------eng-d | ||
| 020 | |a 1-86295-168-3 | ||
| 040 | |a STU |b slo | ||
| 041 | 0 | |a eng | |
| 044 | |a at | ||
| 080 | |a 624.01 | ||
| 080 | |a 72 | ||
| 080 | |a 504 | ||
| 080 | |a 061.3(94) | ||
| 245 | |a Contexts of Architecture : |b Proceedings of the 38th annual Conference of the Architectural Science Association ANZAScA and the International Building Performance Simulation Association - Australasia Conference/Launceston,Australia,10.-12.11.2004 | ||
| 260 | |a Launceston : |b School of Architecture,University of Tasmania, |c 2004 | ||
| 300 | |a 414 s.;obr.,tab.,schémy | ||
| 996 | |c V*1656/sc-04 |l VV8 |s P |a 0 |w stu91758_0001 | ||